|
|
|
|
| LEADER |
00000nab a2200000uu 4500 |
| 001 |
vtls011147443 |
| 003 |
SK-MaSNL |
| 005 |
20260303112027.0 |
| 008 |
230121|1983 xo |||||||||||||||||cze| |
| 015 |
|
|
|a SNBRB
|
| 035 |
|
|
|a (urnnbn)urn:nbn:sk:snk:ar-a09vqn
|
| 035 |
|
|
|a (uuid)8d805ab1-c16d-4b2a-b274-a54a155913da
|
| 035 |
|
|
|a urn:nbn:sk:snk-abaxs4
|
| 040 |
|
|
|a SNKBUCL
|b slo
|c SNKBUCL
|e AACR2
|
| 041 |
0 |
|
|a cze
|
| 044 |
|
|
|a xo
|c SK
|
| 100 |
1 |
|
|a Sýkora, Miroslav
|4 aut
|9 924015
|
| 245 |
1 |
0 |
|a Plynová hospodářství čistíren odpadních vod
|c Miroslav Sýkora
|
| 773 |
0 |
|
|t Vodohospodársky spravodajca
|g Roč. 26, č. 2 (1983), s. [60]-61
|
| 958 |
|
|
|a OND
|
| 958 |
|
|
|a EUIPO
|
| 958 |
|
|
|a article14
|
| 999 |
|
|
|c 1881097
|d 1883027
|